Rozvoj výpočetní techniky v nových podmínkách.
Súčasný stav vývoja a výroby výpočtovej techniky v ČSFR. Podiel výroby a vývozu výpočtovej techniky Českej a Slovenskej republiky. Svetové vývojové tendencie. Telekomunikačné siete. Hlavné ciele rozvoja do roku 2000. Zameranie inovácie technického rozvoja v oblasti programových prostriedkov.
Salvato in:
| Autore principale: | |
|---|---|
| Natura: | Capitolo di libro |
| Lingua: | ceco |
| Soggetti: | |
| Tags: |
Nessun Tag, puoi essere il primo ad aggiungerne!!
|
MARC
| LEADER | 00000naa a2200000 4500 | ||
|---|---|---|---|
| 001 | r007388 | ||
| 005 | 20221125080851.2 | ||
| 041 | 0 | |a cze | |
| 044 | |a [CS] | ||
| 245 | 1 | 0 | |a Rozvoj výpočetní techniky v nových podmínkách. |c J. Květoň |
| 520 | |a Súčasný stav vývoja a výroby výpočtovej techniky v ČSFR. Podiel výroby a vývozu výpočtovej techniky Českej a Slovenskej republiky. Svetové vývojové tendencie. Telekomunikačné siete. Hlavné ciele rozvoja do roku 2000. Zameranie inovácie technického rozvoja v oblasti programových prostriedkov. | ||
| 610 | 2 | 0 | |a technika výpočtová |
| 610 | 2 | 0 | |a ČSFR |
| 610 | 2 | 0 | |a údaje štatistické |
| 610 | 2 | 0 | |a telekomunikácie |
| 610 | 2 | 0 | |a vývoj |
| 610 | 2 | 0 | |a inovácia |
| 610 | 2 | 0 | |a dovoz |
| 610 | 2 | 0 | |a vývoz |
| 100 | 1 | |a Květoň, J. | |